000 00657nam a2200181Ia 4500
008 100920s9999 xx 000 0 und d
082 _b74383
_a410 थ 54
100 _aदेशपांडे ग.त्र्यं. /निजसुरे पु.गो.
245 _aअलंकार प्रदीप.
260 _bठाकूर आणि कंपनी लिमिटेड, अमरावती.
_c1954
300 _a324
_bसाधी
365 _b3.5
520 _aभाषा.
630 _aअलंकार प्रदीप.
650 _aभाषा.
730 _aअलंकार प्रदीप.
942 _cBOOK
999 _c715981
_d715978